[Event "Mittelfranken-chTB1 1617"]
[Site "Mittelfranken"]
[Date "2017.02.12"]
[Round "6.3"]
[White "Fischer, Gerd"]
[Black "Fiedler, Lars"]
[Result "1-0"]
[WhiteElo "1982"]
[BlackElo "1994"]
[PlyCount "85"]
[EventDate "2016.10.23"]
[EventType "team-tourn"]
[EventRounds "9"]
[EventCountry "GER"]
[SourceTitle "EXT 2022"]
[Source "ChessBase"]
[SourceDate "2021.10.06"]
[SourceVersion "1"]
[SourceVersionDate "2021.10.06"]
[SourceQuality "1"]
[WhiteTeam "Gunzenhausen"]
[BlackTeam "Lauf SV"]
[WhiteTeamCountry "GER"]
[BlackTeamCountry "GER"]

1. e4 c5 2. Nf3 g6 3. d4 cxd4 4. Nxd4 Nc6 5. Be3 Nf6 6. f3 Qb6 7. Nc3 Bg7 8. Nf5 Qxb2 9. Nxg7+ Kf8 10. Na4 Qe5 11. Bh6 Kg8 12. Rb1 d5 13. Rb5 Nd4 14. Rb4 Nc6 15. f4 Qd6 16. Rb5 a6 17. e5 Nxe5 18. Ne8 Nxe8 19. Rxd5 Qb4+ 20. c3 Qe4+ 21. Be2 Ng4 22. Rd8 Nxh6 23. Rxe8+ Kg7 24. Rxh8 Kxh8 25. 0-0 Bg4 26. Bxg4 Nxg4 27. Qxg4 Qxa4 28. Qe2 e6 29. Rb1 b5 30. Rb4 Qa3 31. Qd2 Rc8 32. Rb3 Qc5+ 33. Kh1 Rc6 34. h3 Rd6 35. Qe2 Kg8 36. Kh2 Qc4 37. Qe3 Rd3 38. Qe5 f6 39. Qb8+ Kg7 40. Qe8 Kh6 41. Qf8+ Kh5 42. g4+ Kh4 43. Qh6# 1-0

[Event "Mittelfranken-chTB2b 1516"]
[Site "Mittelfranken"]
[Date "2016.04.17"]
[Round "9.3"]
[White "Boehme, Markus"]
[Black "Fiedler, Lars"]
[Result "1-0"]
[WhiteElo "1962"]
[BlackElo "2012"]
[PlyCount "49"]
[EventDate "2015.10.18"]
[EventType "team-tourn"]
[EventRounds "9"]
[EventCountry "GER"]
[SourceTitle "EXT 2020"]
[Source "ChessBase"]
[SourceDate "2019.10.17"]
[SourceVersion "1"]
[SourceVersionDate "2019.10.17"]
[SourceQuality "1"]
[WhiteTeam "Uttenreuth"]
[BlackTeam "Lauf SV"]
[WhiteTeamCountry "GER"]
[BlackTeamCountry "GER"]

1. c4 Nf6 2. Nc3 e6 3. e4 d5 4. cxd5 exd5 5. e5 Nfd7 6. d4 Nb6 7. Nf3 Bf5 8. Bd3 Bxd3 9. Qxd3 Be7 10. 0-0 0-0 11. Ne2 N8d7 12. Nf4 Re8 13. e6 fxe6 14. Nxe6 Qc8 15. Bf4 Bd6 16. Nfg5 Nf6 17. Bxd6 cxd6 18. Rac1 Nc4 19. b3 b5 20. bxc4 bxc4 21. Qg3 h6 22. Nxg7 Kxg7 23. Ne4+ Qg4 24. Nxf6 Qxg3 25. Nxe8+ 1-0

[Event "Mittelfranken-chTB2b 1516"]
[Site "Mittelfranken"]
[Date "2016.01.24"]
[Round "5.3"]
[White "Fiedler, Lars"]
[Black "Lutzky, Manfred"]
[Result "1-0"]
[WhiteElo "2012"]
[BlackElo "1880"]
[PlyCount "35"]
[EventDate "2015.10.18"]
[EventType "team-tourn"]
[EventRounds "9"]
[EventCountry "GER"]
[SourceTitle "EXT 2020"]
[Source "ChessBase"]
[SourceDate "2019.10.17"]
[SourceVersion "1"]
[SourceVersionDate "2019.10.17"]
[SourceQuality "1"]
[WhiteTeam "Lauf SV"]
[BlackTeam "Nuernberg NT IV"]
[WhiteTeamCountry "GER"]
[BlackTeamCountry "GER"]

1. e4 e5 2. Nf3 Nc6 3. Bc4 Bc5 4. c3 Nf6 5. d4 exd4 6. cxd4 Bb4+ 7. Nc3 Nxe4 8. 0-0 Bxc3 9. d5 Bf6 10. Re1 Ne7 11. Rxe4 0-0 12. d6 Ng6 13. h4 cxd6 14. Qxd6 Nxh4 15. Nxh4 Bxh4 16. Bf4 Qf6 17. Rae1 h6 18. Qxf8+ 1-0

[Event "Mittelfranken-chTB2b 1415"]
[Site "Mittelfranken"]
[Date "2015.01.25"]
[Round "5.3"]
[White "Wegmann, Wolfgang"]
[Black "Fiedler, Lars"]
[Result "1-0"]
[WhiteElo "1907"]
[BlackElo "2012"]
[PlyCount "109"]
[EventDate "2014.09.28"]
[EventType "team-tourn"]
[EventRounds "9"]
[EventCountry "GER"]
[SourceTitle "EXT 2020"]
[Source "ChessBase"]
[SourceDate "2019.10.17"]
[SourceVersion "1"]
[SourceVersionDate "2019.10.17"]
[SourceQuality "1"]
[WhiteTeam "Heideck/Hilpoltstein"]
[BlackTeam "Lauf SV"]
[WhiteTeamCountry "GER"]
[BlackTeamCountry "GER"]

1. c4 Nf6 2. g3 e6 3. Bg2 d5 4. Nf3 Be7 5. 0-0 0-0 6. Qc2 b6 7. b3 Bb7 8. Bb2 Nbd7 9. d4 c5 10. Nbd2 Rc8 11. Qb1 Rc7 12. a4 a5 13. e3 Qa8 14. Ne5 Rfc8 15. Qa2 Ne8 16. Rac1 f6 17. Nxd7 Rxd7 18. cxd5 exd5 19. Bh3 Rdc7 20. Bxc8 Qxc8 21. Kg2 h5 22. f3 Nd6 23. Qb1 Nf5 24. Rfe1 Bd6 25. e4 Nxd4 26. Bxd4 cxd4 27. Rxc7 Qxc7 28. exd5 Bb4 29. Qg6 Bxd5 30. Qe8+ Bf8 31. Qb5 Qb7 32. Qd3 Bc5 33. Ne4 Bb4 34. Re2 Qf7 35. Rb2 f5 36. Ng5 Qf6 37. h4 g6 38. Re2 Bc5 39. Qb5 Qc6 40. Qd3 Qd7 41. Kh2 Kg7 42. f4 Qc6 43. Rf2 Be4 44. Qc4 Qd5 45. Qa6 Qd7 46. Qc4 d3 47. Ne6+ Kh7 48. Rd2 Bb4 49. Qxb4 Qxe6 50. Qc3 Qd6 51. Kg1 Kg8 52. Kf2 Kf7 53. Rd1 Ke6 54. Qc8+ Kd5 55. Qc4# 1-0

[Event "Mittelfranken-chTB2b 1314"]
[Site "Mittelfranken"]
[Date "2014.03.09"]
[Round "7.7"]
[White "Weber, Winfried"]
[Black "Fiedler, Lars"]
[Result "0-1"]
[WhiteElo "1907"]
[BlackElo "2012"]
[PlyCount "66"]
[EventDate "2013.10.20"]
[EventType "team-tourn"]
[EventRounds "9"]
[EventCountry "GER"]
[SourceTitle "EXT 2020"]
[Source "ChessBase"]
[SourceDate "2019.10.17"]
[SourceVersion "1"]
[SourceVersionDate "2019.10.17"]
[SourceQuality "1"]
[WhiteTeam "Neumarkt"]
[BlackTeam "Lauf SV"]
[WhiteTeamCountry "GER"]
[BlackTeamCountry "GER"]

1. Nc3 Nf6 2. e4 e5 3. Nf3 Nc6 4. Bb5 Bd6 5. 0-0 0-0 6. d3 Ne7 7. Bc4 Ng6 8. Be3 c6 9. a4 Bc7 10. d4 d6 11. dxe5 dxe5 12. Bc5 Re8 13. Qe2 Nf4 14. Qe3 Ng4 15. Qe1 Qf6 16. Rd1 b6 17. Be3 g5 18. Bxf4 gxf4 19. h3 Nh6 20. Kh2 Kh8 21. Qe2 a6 22. Rd2 Rg8 23. Rg1 b5 24. Bb3 Qg6 25. Nh4 Qg5 26. Nf3 Qh5 27. Qd1 Bb6 28. Ne1 Bg4 29. Qc1 Bxh3 30. gxh3 Rxg1 31. Kxg1 Qxh3 32. Ne2 Rg8+ 33. Ng3 Rxg3+ 0-1